Mastering basic management /

Đã lưu trong:
Chi tiết về thư mục
Tác giả chính: Eyre, E. C.
Định dạng: Sách
Ngôn ngữ:English
Được phát hành: Basingstoke : Macmillan, 1999.
Phiên bản:3rd ed.
Những chủ đề:
Các nhãn: Thêm thẻ
Không có thẻ, Là người đầu tiên thẻ bản ghi này!
Thư viện lưu trữ: Mạng thư viện Đại học Đà Nẵng
LEADER 00771cam a2200325 i 4500
001 000046151
003 5603
005 20030326110152.0
008 010220|1999 vm 000 eng
020 |a 0333772407 
040 |a IRC  |c IRC  |d IRC 
041 0 |a eng 
082 1 4 |a 658  |b EY-E 
100 1 |a Eyre, E. C. 
245 0 0 |a Mastering basic management /  |c E. C. Eyre. 
250 |a 3rd ed. 
260 |a Basingstoke :  |b Macmillan,  |c 1999. 
300 |a xiii, 293p. :  |b ill. 
630 0 4 |a Management. 
650 0 4 |a Management. 
OWN |a DUT 
999 |a From the UDN01 
TYP |a Monograph 
TYP |a Printed language 
980 |a Mạng thư viện Đại học Đà Nẵng